Library Banner

Khatoot-e-nam = خطوط نم/ (Record no. 113493)

MARC details
000 -LEADER
fixed length control field 00439nam a2200145 4500
005 - DATE AND TIME OF LATEST TRANSACTION
control field 20190806112611.0
008 - FIXED-LENGTH DATA ELEMENTS--GENERAL INFORMATION
fixed length control field 190806b ||||| |||| 00| 0 eng d
040 ## - CATALOGING SOURCE
Transcribing agency PK-LaUMT
082 ## - DEWEY DECIMAL CLASSIFICATION NUMBER
Classification number MSC 891.4396
Item number NAU-K
100 ## - MAIN ENTRY--PERSONAL NAME
Personal name Nauman Manzoor = نعمان منظور
245 ## - TITLE STATEMENT
Title Khatoot-e-nam = خطوط نم/
Statement of responsibility, etc by Nauman Manzoor = نعمان منظور
260 ## - PUBLICATION, DISTRIBUTION, ETC. (IMPRINT)
Place of publication, distribution, etc Lahore :
Name of publisher, distributor, etc Saad Publications,
Date of publication, distribution, etc 2016
300 ## - PHYSICAL DESCRIPTION
Extent 231 p.
942 ## - ADDED ENTRY ELEMENTS (KOHA)
Koha item type Books
Holdings
Withdrawn status Lost status Damaged status Home library Current library Date acquired Full call number Barcode Date last seen Price effective from Koha item type
      UMT Main Campus UMT Main Campus 2019-08-06 MSC 891.4396 NAU-K 112513 2019-08-06 2019-08-06 Books